|
|
|
|
| LEADER |
02727nam a22005415i 4500 |
| 001 |
978-3-642-29645-1 |
| 003 |
DE-He213 |
| 005 |
20151204141007.0 |
| 007 |
cr nn 008mamaa |
| 008 |
120412s2012 gw | s |||| 0|eng d |
| 020 |
|
|
|a 9783642296451
|9 978-3-642-29645-1
|
| 024 |
7 |
|
|a 10.1007/978-3-642-29645-1
|2 doi
|
| 040 |
|
|
|d GrThAP
|
| 050 |
|
4 |
|a QA76.758
|
| 072 |
|
7 |
|a UMZ
|2 bicssc
|
| 072 |
|
7 |
|a COM051230
|2 bisacsh
|
| 082 |
0 |
4 |
|a 005.1
|2 23
|
| 245 |
1 |
0 |
|a Models in Software Engineering
|h [electronic resource] :
|b Workshops and Symposia at MODELS 2011, Wellington, New Zealand, October 16-21, 2011, Reports and Revised Selected Papers /
|c edited by Jörg Kienzle.
|
| 264 |
|
1 |
|a Berlin, Heidelberg :
|b Springer Berlin Heidelberg,
|c 2012.
|
| 300 |
|
|
|a X, 292 p.
|b online resource.
|
| 336 |
|
|
|a text
|b txt
|2 rdacontent
|
| 337 |
|
|
|a computer
|b c
|2 rdamedia
|
| 338 |
|
|
|a online resource
|b cr
|2 rdacarrier
|
| 347 |
|
|
|a text file
|b PDF
|2 rda
|
| 490 |
1 |
|
|a Lecture Notes in Computer Science,
|x 0302-9743 ;
|v 7167
|
| 520 |
|
|
|a This book presents a comprehensive documentation of the scientific outcome of satellite events held at the 14th International Conference on Model-Driven Engineering, Languages and Systems, MODELS 2011, held in Wellington, New Zealand, in October 2011. In addition to 3 contributions each of the doctoral symposium and the educators' symposium, papers from the following workshops are included: variability for you; multi-paradigm modeling; experiences and empirical studies in software modelling; models@run.time; model-driven engineering, verification and validation; comparing modeling approaches; models and evoluation; and model-based architecting and construction of embedded systems.
|
| 650 |
|
0 |
|a Computer science.
|
| 650 |
|
0 |
|a Software engineering.
|
| 650 |
|
0 |
|a Programming languages (Electronic computers).
|
| 650 |
|
0 |
|a Computer logic.
|
| 650 |
|
0 |
|a Computer simulation.
|
| 650 |
|
0 |
|a Management information systems.
|
| 650 |
1 |
4 |
|a Computer Science.
|
| 650 |
2 |
4 |
|a Software Engineering.
|
| 650 |
2 |
4 |
|a Programming Languages, Compilers, Interpreters.
|
| 650 |
2 |
4 |
|a Logics and Meanings of Programs.
|
| 650 |
2 |
4 |
|a Management of Computing and Information Systems.
|
| 650 |
2 |
4 |
|a Simulation and Modeling.
|
| 650 |
2 |
4 |
|a Information Systems Applications (incl. Internet).
|
| 700 |
1 |
|
|a Kienzle, Jörg.
|e editor.
|
| 710 |
2 |
|
|a SpringerLink (Online service)
|
| 773 |
0 |
|
|t Springer eBooks
|
| 776 |
0 |
8 |
|i Printed edition:
|z 9783642296444
|
| 830 |
|
0 |
|a Lecture Notes in Computer Science,
|x 0302-9743 ;
|v 7167
|
| 856 |
4 |
0 |
|u http://dx.doi.org/10.1007/978-3-642-29645-1
|z Full Text via HEAL-Link
|
| 912 |
|
|
|a ZDB-2-SCS
|
| 912 |
|
|
|a ZDB-2-LNC
|
| 950 |
|
|
|a Computer Science (Springer-11645)
|